| 000 | 04772nam a22007815i 4500 | ||
|---|---|---|---|
| 005 | 20230718140441.0 | ||
| 006 | m|||||o||d|||||||| | ||
| 007 | cr || |||||||| | ||
| 008 | 220629t20152015cau fo d z eng d | ||
| 010 | _a2015016449 | ||
| 020 | _a9780520960930 | ||
| 040 |
_aDE-B1597 _beng _cDE-B1597 _erda |
||
| 041 | 0 | _aeng | |
| 050 | 0 | 0 |
_aHG3891 _b.B354 2015 |
| 050 | 4 | _aHG3891 | |
| 082 | 0 | 4 | _a332/.04246 |
| 100 | 1 |
_aBakker, Matt, _eauthor. _4aut _4http://id.loc.gov/vocabulary/relators/aut |
|
| 245 | 1 | 0 |
_aMigrating into Financial Markets : _bHow Remittances Became a Development Tool / _cMatt Bakker. |
| 264 | 1 |
_aBerkeley, CA : _bUniversity of California Press, _c[2015] |
|
| 264 | 4 | _c©2015 | |
| 300 | _a1 online resource (292 p.) | ||
| 336 |
_atext _btxt _2rdacontent |
||
| 337 |
_acomputer _bc _2rdamedia |
||
| 338 |
_aonline resource _bcr _2rdacarrier |
||
| 347 |
_atext file _bPDF _2rda |
||
| 505 | 0 | 0 |
_tFrontmatter -- _tContents -- _tAcknowledgments -- _tPart 1. The Remittances-to-Development Agenda at the Global Scale -- _t1. Introducing the Remittances-to-Development Agenda: Migration, Remittances, and Development - Three Vignettes -- _t2. Facts, Figures, and the Politics of Measurement: The Construction and Diffusion of Remittances as a Financial Flow -- _t3. Forging the Remittances-to-Development Nexus: Conceptual Linkages and Political Practices -- _tPart 2. The Long Road to Financial Democracy in North America: From State-Led Transnationalism to Intergovernmental Collaboration -- _t4. Bringing Remittances into the North American Economic-Integration Project: A Genealogy of Mexican State-Led Transnationalism -- _t5. From Promise to Practice: Toward Financial Democracy in North America -- _t6. Conclusions -- _tNotes -- _tBibliography -- _tIndex |
| 506 | 0 |
_funrestricted online access _2star |
|
| 520 | _aA free ebook version of this title is available through Luminos, University of California Press's new open access publishing program for monographs. Visit www.luminosoa.org to learn more. We understand very little about the billions of dollars that flow throughout the world from migrants back to their home countries. In this rigorous and illuminating work, Matt Bakker, an economic sociologist, examines how these migrant remittances-the resources of some of the world's least affluent people-have come to be seen in recent years as a fundamental contributor to development in the migrant-sending states of the Global South. This book analyzes how the connection between remittances and development was forged through the concrete political and intellectual practices of policy entrepreneurs within a variety of institutional settings, from national government agencies and international development organizations to nongovernmental policy foundations and think tanks. | ||
| 538 | _aMode of access: Internet via World Wide Web. | ||
| 540 |
_aThis eBook is made available Open Access under a CC BY 4.0 license: _uhttps://creativecommons.org/licenses/by/4.0 _uhttps://www.degruyter.com/dg/page/open-access-policy |
||
| 546 | _aIn English. | ||
| 588 | 0 | _aDescription based on online resource; title from PDF title page (publisher's Web site, viewed 29. Jun 2022) | |
| 650 | 0 |
_aEconomic development _zMexico. |
|
| 650 | 0 | _aEconomic development. | |
| 650 | 0 |
_aEmigrant remittances _zMexico. |
|
| 650 | 0 |
_aEmigrant remittances _zNorth America. |
|
| 650 | 0 | _aEmigrant remittances. | |
| 650 | 0 |
_aEmigration and immigration _xEconomic aspects. |
|
| 650 | 7 |
_aBUSINESS & ECONOMICS / Development / Sustainable Development. _2bisacsh |
|
| 653 | _a21st century finance. | ||
| 653 | _aamerican dollar. | ||
| 653 | _abusiness economics. | ||
| 653 | _abusiness finance. | ||
| 653 | _abusiness. | ||
| 653 | _acapitalism. | ||
| 653 | _adeveloping countries. | ||
| 653 | _aeconomic development. | ||
| 653 | _aeconomics of emigration. | ||
| 653 | _aeconomics of immigration. | ||
| 653 | _afinancial democracy. | ||
| 653 | _aglobal economics. | ||
| 653 | _aglobal finance. | ||
| 653 | _aimmigrants sending money home. | ||
| 653 | _amigrant remittances. | ||
| 653 | _amigrants sending money home. | ||
| 653 | _amigrants with money. | ||
| 653 | _amigration and money. | ||
| 653 | _amigration. | ||
| 653 | _amoney and power. | ||
| 653 | _amoney matters. | ||
| 653 | _amoney. | ||
| 653 | _anational development. | ||
| 653 | _apolitics of measurement. | ||
| 856 | 4 | 0 |
_uhttps://doi.org/10.1515/9780520960930?locatt=mode:legacy _zOpen Access _70 |
| 856 | 4 | 0 |
_uhttps://www.degruyter.com/isbn/9780520960930 _zOpen Access _70 |
| 856 | 4 | 2 |
_3Cover _uhttps://www.degruyter.com/document/cover/isbn/9780520960930/original |
| 942 | _cE-BOOK | ||
| 999 |
_c71724 _d71723 |
||